[Event "2nd GMA World Cup prel  #1"]
[Site "Belgrade YUG"]
[Date "1988.??.??"]
[Round "?"]
[White "Bagirov, Vladimir"]
[Black "Smagin, Sergei"]
[Result "1/2-1/2"]
[WhiteElo "2465"]
[BlackElo "2550"]
[EventDate "1988.12.??"]
[PlyCount "52"]

1.c4 Nf6 2.Nc3 e5 3.Nf3 Nc6 4.e3 Be7 5.d4 exd4 6.Nxd4 O-O 7.Be2 d5 8.cxd5 
Nb4 9.Nc2 Nbxd5 10.Nxd5 Nxd5 11.O-O Bd6 12.Bf3 c6 13.e4 Nf6 14.b3 Qc7 15.
h3 Bh2+ 16.Kh1 Be5 17.Rb1 b6 18.Ne3 Ba6 19.Nc4 Rad8 20.Qc2 Bd4 21.Bg5 c5 
22.Rfe1 Bxc4 23.bxc4 h6 24.Bxf6 Bxf6 25.Rbd1 Rd4 26.g3 Rfd8 1/2-1/2

[Event "2nd GMA World Cup prel  #1"]
[Site "Belgrade YUG"]
[Date "1988.??.??"]
[Round "?"]
[White "Bakic, Rados"]
[Black "Brujic, Bozidar"]
[Result "1-0"]
[WhiteElo "2360"]
[BlackElo "2240"]
[EventDate "1988.12.??"]
[PlyCount "79"]

1.d4 Nf6 2.c4 g6 3.Nc3 Bg7 4.e4 O-O 5.Bg5 c6 6.Bd3 d6 7.Nge2 e5 8.d5 h6 9.
Bh4 g5 10.Bg3 Nh5 11.h4 g4 12.Qd2 f5 13.exf5 Bxf5 14.Bxf5 Rxf5 15.Ne4 c5 
16.O-O Qf8 17.N2c3 Nf6 18.Qe2 Nbd7 19.Nb5 Nxe4 20.Qxe4 Rf7 21.Qxg4 Nf6 22.
Qg6 a6 23.Nc3 b5 24.cxb5 axb5 25.Nxb5 Ra4 26.Nc3 Rb4 27.a4 Rxb2 28.a5 Qa8 
29.Rfb1 Rfb7 30.Rxb2 Rxb2 31.Qf5 Rb3 32.Qe6+ Kh8 33.Qxd6 Ne8 34.Qxc5 e4 
35.Rc1 e3 36.Qxe3 Nf6 37.Be5 Qa6 38.Qd4 Ra3 39.d6 Qxa5 40.Bxf6 1-0

[Event "2nd GMA World Cup prel  #1"]
[Site "Belgrade YUG"]
[Date "1988.??.??"]
[Round "?"]
[White "Bakic, Rados"]
[Black "Durovic, Dejan"]
[Result "1-0"]
[WhiteElo "2360"]
[BlackElo "2235"]
[EventDate "1988.12.??"]
[PlyCount "61"]

1.d4 Nf6 2.c4 c5 3.d5 d6 4.Nc3 g6 5.e4 Bg7 6.Bg5 h6 7.Bh4 O-O 8.f4 a6 9.a4
Qa5 10.Bd3 e6 11.Nf3 exd5 12.cxd5 c4 13.Bc2 Ng4 14.Qd2 Qb6 15.O-O-O Qc7 
16.h3 Nf6 17.e5 Ne8 18.g4 b5 19.f5 dxe5 20.d6 Qa5 21.Qd5 Ra7 22.fxg6 Bb7 
23.gxf7+ Rxf7 24.Qe6 Bxf3 25.Qxe8+ Rf8 26.Qg6 Rff7 27.Qh7+ Kf8 28.Be7+ 
Raxe7 29.dxe7+ Kxe7 30.Bg6 b4 31.Qg8 1-0

[Event "2nd GMA World Cup prel  #1"]
[Site "Belgrade YUG"]
[Date "1988.??.??"]
[Round "?"]
[White "Bakic, Rados"]
[Black "Mikhalchishin, Adrian"]
[Result "0-1"]
[WhiteElo "2360"]
[BlackElo "2480"]
[EventDate "1988.12.??"]
[PlyCount "56"]

1.d4 Nf6 2.c4 g6 3.Nc3 d5 4.cxd5 Nxd5 5.g3 Bg7 6.Bg2 Be6 7.Nf3 Nc6 8.O-O 
O-O 9.e4 Nxc3 10.bxc3 Bc4 11.Re1 e5 12.Ba3 exd4 13.Bxf8 Kxf8 14.Qa4 b5 15.
Qa6 Qd7 16.e5 Re8 17.Ng5 Nxe5 18.Nxh7+ Kg8 19.Nf6+ Bxf6 20.Qxf6 Re6 21.Qg5
Nd3 22.Rxe6 Bxe6 23.Qd2 dxc3 24.Qxc3 c5 25.Rd1 c4 26.a3 Bg4 27.Rb1 Nxf2 
28.a4 Nd3 0-1

[Event "2nd GMA World Cup prel  #1"]
[Site "Belgrade YUG"]
[Date "1988.??.??"]
[Round "?"]
[White "Banas, Jan"]
[Black "Epishin, Vladimir"]
[Result "0-1"]
[WhiteElo "2380"]
[BlackElo "2475"]
[EventDate "1988.12.??"]
[PlyCount "62"]

1.c4 e5 2.Nc3 Nf6 3.Nf3 Nc6 4.e3 Bb4 5.Qb3 Bxc3 6.Qxc3 Qe7 7.a3 d5 8.d4 
exd4 9.Nxd4 Nxd4 10.Qxd4 c5 11.Qf4 O-O 12.cxd5 Nxd5 13.Qf3 Rd8 14.Bd3 Nf6 
15.Bc2 Be6 16.Qe2 Nd7 17.Qd3 Nf6 18.Qe2 a6 19.a4 Nd5 20.Bd2 Qh4 21.O-O Nb4
22.Bxb4 Qxb4 23.Rfd1 g6 24.h3 Qxb2 25.Rab1 Qc3 26.Be4 Rab8 27.Rdc1 Qa5 28.
Bxb7 c4 29.e4 Rd2 30.Qe3 Rbd8 31.Qc3 Rd1+ 0-1

[Event "2nd GMA World Cup prel  #1"]
[Site "Belgrade YUG"]
[Date "1988.??.??"]
[Round "?"]
[White "Banas, Jan"]
[Black "Lein, Anatoly"]
[Result "1/2-1/2"]
[WhiteElo "2380"]
[BlackElo "2470"]
[EventDate "1988.12.??"]
[PlyCount "69"]

1.c4 e5 2.Nc3 Nf6 3.Nf3 Nc6 4.e3 Bb4 5.Qb3 Bxc3 6.Qxc3 Qe7 7.a3 d5 8.d4 
exd4 9.Nxd4 Nxd4 10.Qxd4 c5 11.Qh4 Bd7 12.cxd5 Nxd5 13.Qxe7+ Kxe7 14.e4 
Nc7 15.Be3 b6 16.f3 a5 17.Kf2 Rhc8 18.Be2 a4 19.Rhd1 Bb5 20.Rd2 Bxe2 21.
Kxe2 Rd8 22.Rad1 Rxd2+ 23.Rxd2 Rd8 24.Rxd8 Kxd8 25.Kd3 Kd7 26.g4 Kc6 27.f4
Ne6 28.f5 Nf8 29.Bd2 Nd7 30.Bc3 g6 31.h4 b5 32.Ke3 Kd6 33.Kf4 Ke7 34.Kg5 
Kf8 35.Kf4 1/2-1/2

[Event "2nd GMA World Cup prel  #1"]
[Site "Belgrade YUG"]
[Date "1988.??.??"]
[Round "?"]
[White "Baquero, Luis"]
[Black "Dukanovic, Marko"]
[Result "1-0"]
[WhiteElo "2345"]
[BlackElo "2260"]
[EventDate "1988.12.??"]
[PlyCount "81"]

1.d4 Nf6 2.c4 d5 3.cxd5 Qxd5 4.Nc3 Qd8 5.Nf3 g6 6.e4 Bg7 7.Bc4 O-O 8.e5 
Ne8 9.h3 c6 10.O-O Nc7 11.Be3 Nd7 12.a4 Nb6 13.Bb3 a5 14.Rc1 Be6 15.Ng5 
Bd5 16.Nxd5 Nbxd5 17.Qg4 Qc8 18.Qh4 h6 19.Ne4 Nxe3 20.fxe3 Qd8 21.Rf3 Nd5 
22.Rcf1 b6 23.Qf2 Qe8 24.Nd2 e6 25.Ne4 Ra7 26.Nf6+ Bxf6 27.exf6 Kh7 28.e4 
Nb4 29.e5 Rd7 30.Rd1 c5 31.Rf4 Rh8 32.Rh4 Kg8 33.dxc5 Rxd1+ 34.Bxd1 bxc5 
35.Qxc5 Qd8 36.Rd4 Qa8 37.Bf3 Qb8 38.Qe7 Nd5 39.Bxd5 exd5 40.Rxd5 Qb6+ 41.
Kh1 1-0

[Event "2nd GMA World Cup prel  #1"]
[Site "Belgrade YUG"]
[Date "1988.??.??"]
[Round "?"]
[White "Baquero, Luis"]
[Black "Schmidt, Wlodzimierz"]
[Result "1/2-1/2"]
[WhiteElo "2345"]
[BlackElo "2465"]
[EventDate "1988.12.??"]
[PlyCount "62"]

1.d4 Nf6 2.c4 g6 3.Nf3 Bg7 4.g3 O-O 5.Bg2 d5 6.O-O dxc4 7.Na3 c3 8.bxc3 c5
9.Qb3 Nc6 10.Bf4 Nd5 11.Rad1 Na5 12.Qb2 Qb6 13.Qd2 Qa6 14.Bh6 Nc6 15.Bxg7 
Kxg7 16.c4 Qxa3 17.cxd5 Nxd4 18.Nxd4 cxd4 19.Qxd4+ Kg8 20.Rd2 Rd8 21.e4 
Bd7 22.Rb1 Rac8 23.h3 b5 24.Rb3 Qa5 25.Rbd3 Rc4 26.Qe5 Re8 27.Qg5 Rc3 28.
Rd4 Rc4 29.R4d3 Rc3 30.Rd4 Rc4 31.R4d3 Rc3 1/2-1/2

[Event "2nd GMA World Cup prel  #1"]
[Site "Belgrade YUG"]
[Date "1988.??.??"]
[Round "?"]
[White "Baquero, Luis"]
[Black "Sinadinovic, Andelko"]
[Result "0-1"]
[WhiteElo "2345"]
[BlackElo "2350"]
[EventDate "1988.12.??"]
[PlyCount "98"]

1.d4 Nf6 2.c4 e6 3.g3 d5 4.Nf3 c5 5.cxd5 exd5 6.Bg2 Nc6 7.O-O Be7 8.Nc3 
O-O 9.Bg5 c4 10.Ne5 Be6 11.Qd2 Nd7 12.Be3 Ndxe5 13.dxe5 d4 14.Bxc6 dxc3 
15.Qxc3 bxc6 16.f4 f5 17.Rfd1 Qc7 18.Kf1 Rfd8 19.Rxd8+ Rxd8 20.b3 cxb3 21.
axb3 c5 22.b4 Qb7 23.bxc5 Qh1+ 24.Bg1 Bd5 25.Qe3 Qg2+ 26.Ke1 Bc4 27.Rd1 
Rxd1+ 28.Kxd1 Bxe2+ 29.Kd2 Bb5+ 30.Kc3 Qa2 31.c6 Qa1+ 32.Kc2 Qa2+ 33.Kc3 
Qa3+ 34.Kc2 Qxe3 35.Bxe3 a5 36.c7 Bd7 37.Kb3 Kf7 38.Kc4 a4 39.Kd5 a3 40.
Bc1 a2 41.Bb2 Bb4 42.Ba1 h6 43.Bb2 g5 44.fxg5 hxg5 45.h4 gxh4 46.gxh4 Be6+
47.Kc6 f4 48.h5 f3 49.h6 f2 0-1

[Event "2nd GMA World Cup prel  #1"]
[Site "Belgrade YUG"]
[Date "1988.??.??"]
[Round "?"]
[White "Baquero, Luis"]
[Black "Tosic, Miroslav"]
[Result "1/2-1/2"]
[WhiteElo "2345"]
[BlackElo "2405"]
[EventDate "1988.12.??"]
[PlyCount "153"]

1.d4 Nf6 2.c4 d6 3.Nf3 Nbd7 4.Nc3 c6 5.e4 e5 6.Be2 Be7 7.O-O O-O 8.Qc2 a6 
9.h3 b5 10.Rd1 Qc7 11.a3 Bb7 12.Rb1 Rfe8 13.Bg5 h6 14.Bh4 Bf8 15.dxe5 dxe5
16.Bg3 b4 17.axb4 Bxb4 18.Na2 Bf8 19.Nc3 a5 20.Nh4 Bc8 21.Na4 Nc5 22.Nxc5 
Bxc5 23.Nf5 Kh7 24.Bh4 Ng8 25.Rd3 Bxf5 26.exf5 e4 27.Rdd1 Qf4 28.Bg4 h5 
29.g3 Qxf2+ 30.Qxf2 Bxf2+ 31.Kxf2 hxg4 32.Bg5 f6 33.Bf4 gxh3 34.Rh1 Ne7 
35.Rxh3+ Kg8 36.g4 Rad8 37.Ra1 Rd4 38.b3 e3+ 39.Bxe3 Rd3 40.Rxa5 Rxb3 41.
Ra2 Rc3 42.Ra4 Rb8 43.Rh1 c5 44.Rc1 Rd3 45.Ke2 Rdb3 46.Bxc5 Nc6 47.Ra3 
Rb2+ 48.Kf3 Ne5+ 49.Kf4 Rd8 50.Rcc3 Rg2 51.Rg3 Rc2 52.Rgc3 Rxc3 53.Rxc3 
Nd3+ 54.Rxd3 Rxd3 55.Be3 Rc3 56.c5 Rc4+ 57.Kg3 Kf7 58.Kh4 Rc3 59.Bd4 Rd3 
60.Bf2 Ke7 61.Kh5 Rf3 62.Be1 Rf1 63.Bd2 Rf2 64.Be3 Rf3 65.Bd2 Rd3 66.Be1 
Kf7 67.Kh4 Rd4 68.Bf2 Rc4 69.Be3 Ke7 70.Kh5 Rc3 71.Bf2 Rf3 72.Be1 Rf1 73.
Bd2 Rd1 74.Be3 g5 75.Kg6 Rd8 76.Kg7 Rd3 77.Bc1 1/2-1/2

[Event "2nd GMA World Cup prel  #1"]
[Site "Belgrade YUG"]
[Date "1988.??.??"]
[Round "?"]
[White "Barbero, Gerardo"]
[Black "Banas, Jan"]
[Result "0-1"]
[WhiteElo "2505"]
[BlackElo "2380"]
[EventDate "1988.12.??"]
[PlyCount "128"]

1.d4 Nf6 2.c4 g6 3.Nf3 Bg7 4.g3 O-O 5.Bg2 d5 6.cxd5 Nxd5 7.O-O Nb6 8.Nc3 
Nc6 9.d5 Na5 10.Qc2 Nxd5 11.Rd1 c6 12.e4 Nb4 13.Qa4 Qb6 14.Be3 c5 15.a3 
Nbc6 16.b4 Bxc3 17.Bxc5 Qc7 18.Rac1 Nc4 19.Rxc3 Nb2 20.Qc2 Nxd1 21.Qxd1 
Rd8 22.Qc1 Bg4 23.h3 Bxf3 24.Bxf3 Qe5 25.Qe3 Nd4 26.Bxd4 Qxd4 27.Qxd4 Rxd4
28.Rc7 Kf8 29.e5 Rb8 30.Bxb7 Rd1+ 31.Kg2 Ra1 32.b5 Rxa3 33.Ba6 Ra5 34.Kf3 
Ke8 35.Ke4 Kd8 36.Rc5 Kd7 37.Rd5+ Ke6 38.Rc5 Ra4+ 39.Ke3 f6 40.Bc8+ Kf7 
41.e6+ Kf8 42.Bd7 a6 43.bxa6 Rxa6 44.Rc2 f5 45.Kf3 Kg7 46.h4 Kf6 47.Kg2 
Rab6 48.Rc3 Rb2 49.Rc4 R8b4 50.Rc3 f4 51.Rc8 fxg3 52.Rf8+ Ke5 53.Kxg3 
R2b3+ 54.f3 h5 55.Rf7 Rg4+ 56.Kf2 Rf4 57.Rxe7 Rfxf3+ 58.Kg2 Rg3+ 59.Kf1 
Rb1+ 60.Kf2 Ra3 61.Rf7 Rb2+ 62.Kg1 Ra1+ 63.Rf1 Rxf1+ 64.Kxf1 Kf6 0-1

[Event "2nd GMA World Cup prel  #1"]
[Site "Belgrade YUG"]
[Date "1988.??.??"]
[Round "?"]
[White "Barbero, Gerardo"]
[Black "Zelcic, Robert"]
[Result "1/2-1/2"]
[WhiteElo "2505"]
[BlackElo "2375"]
[EventDate "1988.12.??"]
[PlyCount "145"]

1.d4 Nf6 2.c4 c5 3.d5 e6 4.Nc3 exd5 5.cxd5 d6 6.Nf3 g6 7.e4 Bg7 8.h3 O-O 
9.Bd3 b5 10.Nxb5 Nxe4 11.Bxe4 Re8 12.Nd2 Ba6 13.a4 f5 14.O-O fxe4 15.Nc4 
Bf8 16.Bf4 Qf6 17.Qg4 Nd7 18.Bxd6 Nb6 19.Bxf8 Rxf8 20.Qxe4 Rae8 21.Qd3 
Bxb5 22.axb5 Qd4 23.Qxd4 cxd4 24.Nxb6 axb6 25.Ra4 Re4 26.d6 Rd8 27.f3 Rf4 
28.g3 Rf6 29.Rxd4 Rdxd6 30.Rxd6 Rxd6 31.Rc1 Rd5 32.Rc3 Rd1+ 33.Kf2 Rd2+ 
34.Ke3 Rxb2 35.Rc7 Rxb5 36.Rb7 Rb4 37.f4 Rb3+ 38.Ke4 Rxg3 39.Ke5 Rc3 40.
Rxb6 Kg7 41.f5 Rc5+ 42.Kf4 Rxf5+ 43.Kg3 Rf6 44.Rb7+ Rf7 45.Rb6 Re7 46.Kf3 
Kf7 47.Ra6 h6 48.Kf2 Re6 49.Ra5 Kf6 50.Kf3 Re5 51.Ra6+ Kg5 52.Kg3 Re3+ 53.
Kg2 h5 54.Ra4 Kf5 55.Ra6 Re6 56.Ra4 g5 57.Kf3 Rd6 58.Ra5+ Kf6 59.Rb5 Rd3+ 
60.Kg2 Rd2+ 61.Kf3 Rd3+ 62.Kg2 Rd4 63.Kf3 Rf4+ 64.Kg3 Kg6 65.Ra5 Rf6 66.
Kg2 Rd6 67.Rb5 Rd2+ 68.Kg1 Re2 69.Ra5 h4 70.Rb5 Kf6 71.Ra5 Re5 72.Ra8 Kf5 
73.Kf2 1/2-1/2

[Event "2nd GMA World Cup prel  #1"]
[Site "Belgrade YUG"]
[Date "1988.??.??"]
[Round "?"]
[White "Barlov, Dragan"]
[Black "Banas, Jan"]
[Result "1-0"]
[WhiteElo "2485"]
[BlackElo "2380"]
[EventDate "1988.12.??"]
[PlyCount "122"]

1.Nf3 Nf6 2.g3 g6 3.Bg2 Bg7 4.O-O O-O 5.d3 d5 6.Nbd2 c5 7.e4 Nc6 8.c3 e5 
9.exd5 Nxd5 10.Re1 Re8 11.Nc4 h6 12.Qb3 Nb6 13.Nfd2 Be6 14.Qc2 Qc7 15.b3 
Rad8 16.Ba3 Nxc4 17.bxc4 b6 18.Nf1 Ne7 19.Rad1 Rd7 20.Bc1 Red8 21.a4 Bg4 
22.Rd2 Rd6 23.Ne3 Be6 24.a5 Qd7 25.axb6 axb6 26.Red1 f5 27.Qb3 h5 28.Nc2 
Kh7 29.d4 Bh6 30.d5 Bxd2 31.Rxd2 Bf7 32.Na3 Qe8 33.Re2 Nc6 34.Bg5 Na5 35.
Qd1 Ra8 36.Bf4 exf4 37.Rxe8 Rxe8 38.Qd2 fxg3 39.hxg3 Kg7 40.Bf1 Rdd8 41.
Qf4 Re7 42.Qg5 Rde8 43.Nc2 Nb7 44.Ne3 Nd6 45.Bd3 Re5 46.Ng2 b5 47.Nf4 bxc4
48.Nxh5+ Kf8 49.Qf6 Re1+ 50.Bf1 gxh5 51.Qxd6+ Kg7 52.Kg2 Rd1 53.Bxc4 Re4 
54.Bb3 Rd2 55.Qxc5 f4 56.Kf3 Ree2 57.gxf4 h4 58.Bc4 Re1 59.Qc7 Rc1 60.Qe5+
Kf8 61.Qh8+ Ke7 1-0

[Event "2nd GMA World Cup prel  #1"]
[Site "Belgrade YUG"]
[Date "1988.??.??"]
[Round "?"]
[White "Barlov, Dragan"]
[Black "Yanovsky, Sergei"]
[Result "1-0"]
[WhiteElo "2485"]
[BlackElo "2375"]
[EventDate "1988.12.??"]
[PlyCount "97"]

1.d4 Nf6 2.Nf3 c5 3.d5 g6 4.Nc3 Bg7 5.e4 O-O 6.Be2 d6 7.O-O Na6 8.Bf4 Nc7 
9.a4 a6 10.Nd2 Bd7 11.a5 Bb5 12.Na4 Nd7 13.c3 f5 14.c4 Bxa4 15.Qxa4 Bxb2 
16.Rab1 Bc3 17.Rxb7 fxe4 18.Bh6 Bxd2 19.Bxd2 Ne5 20.Rfb1 Qc8 21.Qc2 Nb5 
22.R7xb5 axb5 23.cxb5 Qf5 24.Rf1 Rfb8 25.b6 h5 26.f3 e3 27.Qxf5 gxf5 28.
Bc3 c4 29.f4 Nd3 30.Rf3 Nc5 31.Rxe3 Ne4 32.Rxe4 fxe4 33.Kf2 h4 34.Ke3 Ra6 
35.h3 Rbxb6 36.axb6 Rxb6 37.Kxe4 Rb1 38.Kd4 Rg1 39.Bf3 Kf7 40.Kxc4 e6 41.
dxe6+ Kxe6 42.Be4 d5+ 43.Bxd5+ Kf5 44.Bd2 Ra1 45.Kd3 Ra4 46.Bf3 Ra3+ 47.
Kd4 Ra4+ 48.Kd5 Kg6 49.Ke5 1-0

[Event "2nd GMA World Cup prel  #1"]
[Site "Belgrade YUG"]
[Date "1988.??.??"]
[Round "?"]
[White "Barlov, Dragan"]
[Black "Loginov, Valery"]
[Result "1/2-1/2"]
[WhiteElo "2485"]
[BlackElo "2455"]
[EventDate "1988.12.??"]
[PlyCount "103"]

1.d4 Nf6 2.c4 g6 3.Nc3 Bg7 4.Nf3 O-O 5.Bg5 h6 6.Bh4 c5 7.e3 cxd4 8.exd4 d5
9.Bxf6 Bxf6 10.cxd5 Bg4 11.Be2 Nd7 12.O-O Nb6 13.h3 Bf5 14.Qb3 a5 15.a3 a4
16.Qb5 Qd6 17.Ne5 Rfd8 18.Bf3 Nd7 19.Nc4 Qf4 20.Ne2 Qg5 21.d6 Bd3 22.Qxg5 
Bxg5 23.dxe7 Bxe7 24.Rfc1 Rac8 25.Ne3 Nb6 26.Rxc8 Rxc8 27.Nf4 Ba6 28.Nfd5 
Nxd5 29.Nxd5 Bd6 30.Nb6 Rc2 31.Nxa4 Bb5 32.Nc5 b6 33.Ne4 Be7 34.b4 f5 35.
Ng3 Bf6 36.Rd1 Rc3 37.Be2 Ba4 38.Rd2 Bg5 39.Rd3 Rxd3 40.Bxd3 Bc1 41.Ne2 
Bxa3 42.b5 Bb3 43.g4 fxg4 44.hxg4 Kf7 45.Kf1 Kf6 46.Nf4 Bf7 47.f3 Bc1 48.
Ne2 Be3 49.Kg2 g5 50.Ng3 Bxd4 51.Nf5 Bg6 52.Bc4 1/2-1/2

[Event "2nd GMA World Cup prel  #1"]
[Site "Belgrade YUG"]
[Date "1988.??.??"]
[Round "?"]
[White "Barlov, Dragan"]
[Black "Vujicic, Mirko"]
[Result "1-0"]
[WhiteElo "2485"]
[BlackElo "2310"]
[EventDate "1988.12.??"]
[PlyCount "113"]

1.d4 d5 2.c4 e6 3.Nc3 c5 4.cxd5 exd5 5.Nf3 Nc6 6.g3 Nf6 7.Bg2 Be7 8.O-O 
O-O 9.Be3 c4 10.Ne5 Be6 11.Nxc4 dxc4 12.d5 Nxd5 13.Nxd5 Bf6 14.Nxf6+ Qxf6 
15.Bxc6 bxc6 16.Qd4 Qe7 17.Qe4 Qb7 18.Bd4 Rfe8 19.Bc3 Rad8 20.Rfd1 Rd5 21.
Qh4 f6 22.Rd4 Red8 23.Re1 Rxd4 24.Bxd4 c5 25.Bc3 Qf7 26.Qf4 Qb7 27.f3 Qc8 
28.Kf2 Rd7 29.g4 a6 30.h4 Qc7 31.Qxc7 Rxc7 32.Kg3 Kf7 33.Kf4 Rd7 34.e4 Rd3
35.g5 h6 36.gxf6 gxf6 37.h5 Ke7 38.Rg1 Bf7 39.Rg7 Ke6 40.Kg4 Rd1 41.Rh7 
Rg1+ 42.Kf4 Bxh5 43.Rxh6 Bg6 44.Rh8 Rf1 45.Ra8 Bh5 46.Rxa6+ Kd7 47.Rxf6 
Bxf3 48.Ke5 Kc7 49.a4 Kb7 50.a5 Ka7 51.Rf4 Kb7 52.Kf6 Bg2 53.Rxf1 Bxf1 54.
e5 Kc7 55.e6 Be2 56.Kf7 Bh5+ 57.Kf8 1-0

[Event "2nd GMA World Cup prel  #1"]
[Site "Belgrade YUG"]
[Date "1988.??.??"]
[Round "?"]
[White "Bator, Robert"]
[Black "Nenadovic, Ljubisa"]
[Result "1-0"]
[WhiteElo "2370"]
[BlackElo "2245"]
[EventDate "1988.12.??"]
[PlyCount "67"]

1.d4 Nf6 2.c4 c5 3.d5 e6 4.Nc3 exd5 5.cxd5 d6 6.Nf3 g6 7.Bf4 a6 8.e4 Bg7 
9.Qa4+ Bd7 10.Qb3 Bc8 11.a4 Qe7 12.Nd2 Nh5 13.Be3 Bd4 14.Bxd4 cxd4 15.Qc4 
O-O 16.Qxd4 f5 17.Be2 Nf4 18.Bf3 g5 19.O-O-O b5 20.g3 Ng6 21.exf5 Bxf5 22.
Be4 Nd7 23.Kb1 Nc5 24.Bxf5 Rxf5 25.Nde4 Rc8 26.Nxc5 Rxc5 27.Rhe1 Qf8 28.
Re6 Rxf2 29.Ne4 Rf1 30.Nf6+ Rxf6 31.Qxf6 bxa4 32.Rxd6 Qxf6 33.Rxf6 Ne5 34.
Rxa6 1-0

[Event "2nd GMA World Cup prel  #1"]
[Site "Belgrade YUG"]
[Date "1988.??.??"]
[Round "?"]
[White "Bebchuk, Evgeny"]
[Black "Fedorov, Vladislav"]
[Result "0-1"]
[WhiteElo "2350"]
[BlackElo "2400"]
[EventDate "1988.12.??"]
[PlyCount "134"]

1.e4 e5 2.Nf3 Nc6 3.d4 exd4 4.Nxd4 Qf6 5.Be3 Bc5 6.c3 Nge7 7.Qa4 Ne5 8.Be2
O-O 9.Nd2 d5 10.Nc2 Bd7 11.Qb3 Bb6 12.exd5 Qg6 13.O-O-O Nf5 14.c4 Nxe3 15.
Nxe3 Rfe8 16.Rhe1 Bxe3 17.Qxe3 Bg4 18.Ne4 Nxc4 19.Bxc4 Bxd1 20.Bb5 c6 21.
dxc6 bxc6 22.Bd3 f5 23.Kxd1 fxe4 24.Bxe4 Qf6 25.Kc2 Rab8 26.b3 a5 27.f3 a4
28.b4 Kh8 29.Rb1 Qd6 30.Qc3 Qxh2 31.Kb2 Rxb4+ 32.Qxb4 Rb8 33.Ka3 Rxb4 34.
Rxb4 g6 35.g4 Qd2 36.Rb8+ Kg7 37.Ra8 Kf6 38.Rc8 Qc3+ 39.Kxa4 c5 40.Rc6+ 
Ke5 41.a3 c4 42.Rb6 Kf4 43.Rb5 Qd2 44.Rb4 Qd7+ 45.Ka5 Qa7+ 46.Kb5 c3 47.a4
Ke3 48.Rc4 Qb8+ 49.Kc5 Qa7+ 50.Kb4 Kd2 51.a5 h5 52.gxh5 gxh5 53.f4 h4 54.
Kb5 Qb8+ 55.Kc5 Qf8+ 56.Kb5 Qe8+ 57.Kb6 Qe6+ 58.Kb5 Qd7+ 59.Kb6 Qd6+ 60.
Bc6 Qd8+ 61.Kb5 Qb8+ 62.Kc5 Qa7+ 63.Kb5 c2 64.a6 h3 65.f5 h2 66.f6 Qf7 67.
Be4 c1=Q 0-1

[Event "2nd GMA World Cup prel  #1"]
[Site "Belgrade YUG"]
[Date "1988.??.??"]
[Round "?"]
[White "Bebchuk, Evgeny"]
[Black "Ilic, Dragan"]
[Result "0-1"]
[WhiteElo "2350"]
[BlackElo "2420"]
[EventDate "1988.12.??"]
[PlyCount "52"]

1.e4 e6 2.d4 d5 3.Nc3 Bb4 4.e5 c5 5.Bd2 Ne7 6.Nb5 Bxd2+ 7.Qxd2 O-O 8.dxc5 
Nd7 9.Qc3 a6 10.Nd6 Qc7 11.f4 b6 12.cxb6 Qxb6 13.Bd3 Nc5 14.Ne2 Bd7 15.b3 
f6 16.O-O-O Nc6 17.Kb1 fxe5 18.fxe5 Na4 19.Qa1 Rf2 20.Rhe1 Rb8 21.g3 Qc5 
22.c4 Nb4 23.Bc2 Qe3 24.Nd4 Nc3+ 25.Kb2 Nxd1+ 26.Qxd1 Qxe1 0-1

[Event "2nd GMA World Cup prel  #1"]
[Site "Belgrade YUG"]
[Date "1988.??.??"]
[Round "?"]
[White "Bebchuk, Evgeny"]
[Black "Mencinger, Vojko"]
[Result "1/2-1/2"]
[WhiteElo "2350"]
[BlackElo "2385"]
[EventDate "1988.12.??"]
[PlyCount "120"]

1.e4 e6 2.d4 d5 3.Nc3 Nf6 4.Bg5 Be7 5.e5 Nfd7 6.Bxe7 Qxe7 7.f4 O-O 8.Nf3 
c5 9.Bd3 f6 10.O-O Nc6 11.Qe1 Nxd4 12.Nxd4 cxd4 13.Qh4 g6 14.Nb5 Rf7 15.
Rae1 f5 16.Qf2 Rg7 17.Qxd4 Qc5 18.c3 Qxd4+ 19.cxd4 Nb8 20.Kf2 Nc6 21.Ke3 
Bd7 22.Nd6 Rb8 23.Rc1 Kf8 24.a3 a6 25.b4 Na7 26.Rc5 Nc8 27.Nxc8 Bxc8 28.
Rfc1 Bd7 29.Rc7 Re7 30.h3 Ke8 31.R7c5 Kd8 32.g4 Be8 33.Be2 Bd7 34.Kf2 Rc8 
35.g5 b6 36.Rxc8+ Bxc8 37.Rc6 b5 38.Ke3 Rc7 39.Rd6+ Ke7 40.Kd2 Bb7 41.Rb6 
Bc8 42.h4 Kd7 43.Rd6+ Ke7 44.Rb6 Kd7 45.h5 gxh5 46.Bxh5 Rc4 47.Bf7 Rxd4+ 
48.Ke3 Re4+ 49.Kf3 d4 50.Bxe6+ Kc7 51.Rd6 Re3+ 52.Kf2 Bxe6 53.Rxe6 Rxa3 
54.Rh6 Ra2+ 55.Kf3 Ra3+ 56.Ke2 Re3+ 57.Kd2 Rf3 58.Rxh7+ Kc6 59.g6 Rg3 60.
g7 Kd5 1/2-1/2

[Event "2nd GMA World Cup prel  #1"]
[Site "Belgrade YUG"]
[Date "1988.??.??"]
[Round "?"]
[White "Bebchuk, Evgeny"]
[Black "Savchenko, Stanislav"]
[Result "1/2-1/2"]
[WhiteElo "2350"]
[BlackElo "2480"]
[EventDate "1988.12.??"]
[PlyCount "52"]

1.e4 c5 2.b3 d5 3.exd5 Qxd5 4.Nc3 Qd8 5.Bb2 Nf6 6.Nf3 Nc6 7.h3 a6 8.g4 h5 
9.g5 Nd5 10.Ne4 b6 11.Qe2 Nf4 12.Qe3 Nd5 13.Qe2 Qc7 14.O-O-O b5 15.Kb1 h4 
16.Nxc5 Ncb4 17.d4 Bf5 18.Ne1 e6 19.a3 Nc6 20.Ned3 b4 21.axb4 Ncxb4 22.Qd2
a5 23.Nxb4 axb4 24.Bb5+ Kd8 25.Bc4 Nf4 26.Qe3 Bd6 1/2-1/2

[Event "2nd GMA World Cup prel  #1"]
[Site "Belgrade YUG"]
[Date "1988.??.??"]
[Round "?"]
[White "Bebchuk, Evgeny"]
[Black "Tseitlin, Mikhail"]
[Result "1/2-1/2"]
[WhiteElo "2350"]
[BlackElo "2455"]
[EventDate "1988.12.??"]
[PlyCount "112"]

1.e4 c6 2.d4 d5 3.exd5 cxd5 4.Bd3 Nc6 5.c3 Nf6 6.h3 e5 7.dxe5 Nxe5 8.Qe2 
Qe7 9.Bb5+ Bd7 10.Bf4 Nc4 11.Bxd7+ Nxd7 12.b3 Nce5 13.Be3 Qe6 14.Nf3 Nxf3+
15.Qxf3 Bd6 16.O-O Ne5 17.Qe2 O-O 18.Rd1 Rfe8 19.Nd2 a6 20.Nf1 Rad8 21.Rd2
Nc6 22.Rad1 Be5 23.Bb6 Rc8 24.Qf3 Ne7 25.Bd4 f6 26.Qd3 Ng6 27.Bxe5 Qxe5 
28.Qxd5+ Qxd5 29.Rxd5 Nf4 30.Rd7 Ne2+ 31.Kh2 Nxc3 32.Rc1 b5 33.Rc2 f5 34.
Ne3 g6 35.Ra7 Ne4 36.Rxc8 Rxc8 37.f3 Nc3 38.Rxa6 Re8 39.Nc2 Re2 40.Nd4 Rd2
41.Rd6 Rxa2 42.h4 f4 43.Ne6 Rb2 44.Rd7 Rxb3 45.Kh3 Ne2 46.Rg7+ Kh8 47.Re7 
h6 48.Nf8 Re3 49.Nxg6+ Kg8 50.Rb7 h5 51.Rxb5 Kg7 52.Rg5 Kf6 53.Nf8 Ng3 54.
Ng6 Ne2 55.Nf8 Ng3 56.Ng6 Ne2 1/2-1/2

[Event "2nd GMA World Cup prel  #1"]
[Site "Belgrade YUG"]
[Date "1988.??.??"]
[Round "?"]
[White "Bjelajac, Milan"]
[Black "Wilder, Michael"]
[Result "0-1"]
[WhiteElo "2370"]
[BlackElo "2505"]
[EventDate "1988.12.??"]
[PlyCount "38"]

1.e4 c5 2.c3 e6 3.d4 d5 4.e5 Nc6 5.Nf3 Bd7 6.Bd3 Rc8 7.dxc5 Bxc5 8.O-O 
Nge7 9.Bf4 Ng6 10.Bg3 O-O 11.h4 f5 12.h5 f4 13.hxg6 fxg3 14.gxh7+ Kh8 15.
Nbd2 Nxe5 16.Nxe5 gxf2+ 17.Rxf2 Bxf2+ 18.Kf1 Bg3+ 19.Nef3 e5 0-1

[Event "2nd GMA World Cup prel  #1"]
[Site "Belgrade YUG"]
[Date "1988.??.??"]
[Round "?"]
[White "Bjelajac, Milan"]
[Black "Yakovich, Yury"]
[Result "1-0"]
[WhiteElo "2370"]
[BlackElo "2450"]
[EventDate "1988.12.??"]
[PlyCount "101"]

1.e4 e5 2.Nf3 Nc6 3.d4 exd4 4.Nxd4 Nf6 5.Nxc6 bxc6 6.Bd3 d5 7.exd5 cxd5 8.
Bb5+ Bd7 9.Bxd7+ Qxd7 10.O-O Be7 11.b3 O-O 12.Bb2 Qf5 13.Nd2 Rad8 14.Nf3 
c5 15.Qd3 Qxd3 16.cxd3 Rb8 17.Rac1 Rb5 18.Rfe1 Bd6 19.Be5 Bxe5 20.Rxe5 
Rbb8 21.Re7 a5 22.Rxc5 a4 23.Nd4 axb3 24.Nxb3 Ra8 25.Re2 h5 26.Kf1 Ra4 27.
Rec2 Rfa8 28.Rc8+ Rxc8 29.Rxc8+ Kh7 30.Nc1 h4 31.f3 Rb4 32.Rc2 Nh5 33.Ne2 
Ra4 34.Nc3 Ra5 35.d4 Nf4 36.a4 Ra8 37.Ra2 Ra5 38.Rb2 Ra8 39.Rb5 h3 40.gxh3
Rc8 41.Rc5 Rb8 42.Rb5 Rc8 43.Nxd5 Ne6 44.Ne7 Rc1+ 45.Kf2 g5 46.d5 Nf4 47.
d6 Rd1 48.Nc8 Rd2+ 49.Ke3 Rc2 50.Rxg5 Ne6 51.d7 1-0

[Event "2nd GMA World Cup prel  #1"]
[Site "Belgrade YUG"]
[Date "1988.??.??"]
[Round "?"]
[White "Blagojevic, Dragisa"]
[Black "Markovic, Miroslav"]
[Result "1-0"]
[WhiteElo "2445"]
[BlackElo "2250"]
[EventDate "1988.12.??"]
[PlyCount "47"]

1.d4 Nf6 2.c4 e6 3.Nc3 d5 4.Nf3 Bb4 5.cxd5 exd5 6.Bg5 O-O 7.e3 h6 8.Bh4 c6
9.Bd3 Be7 10.Qc2 Re8 11.O-O Nbd7 12.Rab1 Ne4 13.Bxe7 Qxe7 14.b4 Nxc3 15.
Qxc3 a6 16.a4 Nf6 17.b5 axb5 18.axb5 Ra3 19.Qc2 Bd7 20.bxc6 bxc6 21.Rfc1 
Qd6 22.Ne5 Ng4 23.Bh7+ Kf8 24.Nxd7+ 1-0

[Event "2nd GMA World Cup prel  #1"]
[Site "Belgrade YUG"]
[Date "1988.??.??"]
[Round "?"]
[White "Blagojevic, Dragisa"]
[Black "Ninov, Kiril"]
[Result "1/2-1/2"]
[WhiteElo "2445"]
[BlackElo "2515"]
[EventDate "1988.12.??"]
[PlyCount "51"]

1.Nf3 c5 2.g3 g6 3.Bg2 Bg7 4.c4 Nc6 5.Nc3 Nf6 6.O-O O-O 7.d4 cxd4 8.Nxd4 
Ng4 9.e3 d6 10.h3 Nxd4 11.exd4 Nh6 12.Qd3 e6 13.b3 Nf5 14.Ne2 Rb8 15.Bd2 
b5 16.cxb5 Qb6 17.a4 Nxd4 18.Nxd4 Qxd4 19.Qxd4 Bxd4 20.Rad1 e5 21.Be3 Bxe3
22.fxe3 Rb6 23.Bc6 Rd8 24.Rf6 Be6 25.a5 Rbb8 26.b6 1/2-1/2

[Event "2nd GMA World Cup prel  #1"]
[Site "Belgrade YUG"]
[Date "1988.??.??"]
[Round "?"]
[White "Blagojevic, Dragisa"]
[Black "Palos, Osman"]
[Result "0-1"]
[WhiteElo "2445"]
[BlackElo "2350"]
[EventDate "1988.12.??"]
[PlyCount "76"]

1.d4 d5 2.c4 e6 3.Nf3 a6 4.g3 dxc4 5.Bg2 Nd7 6.O-O Rb8 7.Nc3 Ngf6 8.e4 Bb4
9.e5 Nd5 10.Ne4 h6 11.Nh4 Be7 12.Qh5 Bxh4 13.gxh4 g6 14.Qg4 Qe7 15.h5 gxh5
16.Qxh5 Qf8 17.f4 N7b6 18.Bd2 Qg7 19.Kh1 Bd7 20.Rae1 Qg6 21.Qh4 Bc6 22.Rg1
Qh7 23.Ba5 Kd7 24.Nc5+ Ke8 25.f5 Qxf5 26.Ref1 Qg5 27.Qf2 Qe7 28.Bxb6 cxb6 
29.Ne4 Rf8 30.b3 cxb3 31.axb3 Kd7 32.Rc1 Qb4 33.Rc2 Rbd8 34.Rgc1 Kc7 35.
Nd6 Kb8 36.Qh4 Rd7 37.Qxh6 Re8 38.Qg5 f6 0-1